Problémy súčasnej urbanizácie

Bibliographic Details
Main Author: Gajdoš, Peter, 1950-2021 (Author)
Format: Article
Language:Slovak
Subjects:

MARC

LEADER 00000nab a2200000 a 4500
001 vtls009089358
005 20260519132629.0
008 250506c1976 xo |r|p|||||||000 b|slo
015 |a SNBRB2007/08 
035 |a (uuid)863676a7-09f3-41ba-aef5-e6c936bd308f 
035 |a urn:nbn:sk:snk-ab280y 
035 |a (urnnbn)urn:nbn:sk:snk:ar-a01wxe 
040 |a SNKBUCL  |b slo  |c SNKBUCL  |e AACR2 
041 0 |a slo 
044 |a xo  |c SK 
080 |a 711.1/.62  |2 1997 
100 1 |a Gajdoš, Peter,  |d 1950-2021  |4 aut  |9 218141 
245 1 0 |a Problémy súčasnej urbanizácie  |c P. Gajdoš 
650 0 7 |a urbanizácia  |x problematika  |x recenzie  |2 snkbucl  |9 1472706 
773 0 |t Sociológia  |g Roč. 8, č. 4 (1976), s. 372-375 
787 0 8 |i Rec.:  |t Problemy sovremennoj urbanizacii  |d Moskva: Statistika, 1972 
852 |a Slovenská národná knižnica 
954 |a odborná, vedecká literatúra pôvodná (slovenská)  |2 lita 
958 |a article27 
958 |a RC 
958 |a OND 
958 |a EUIPO 
999 |c 2942918  |d 2944848